01688nam a2200433 i 450000100060000000300080000600500170001400600190003100700150005000800410006502000270010602000180013304000310015105000200018208000080020208200210021010000260023124500780025726400490033530000580038433600310044233700360047333800430050949000230055258801320057559001640070765000490087165000520092065000200097265000350099265000370102765000190106465500270108379700190111083000240112903500220115385600620117599900170123748006FlNmELB20241216231918.0m o u cr cn|||||||||190124s2014 cl a o 000 0 spa d a9781512961348 (e-book) z9789569071577 aFINmELBbspaerdacFINmELB14aF3126bI83 2014 a98304a305.800498722231 aIsmali Palma, Andrea.10aEstigmatización :bRüf kam koyla illamtuchen? /cAndrea Ismali Palma. 1aSantiago de Chile :bCeibo Ediciones,c2014. a1 recurso en línea (174 páginas) :bilustraciones atextobtxt2rdacontent/spa acomputadorabcbc2rdamedia/spa arecurso en líneabcr2rdacarrier/spa1 aColección Ensayo aDescripción basada en recurso en línea; título de la página del título en PDF (elibro, visto el 24 de enero de 2019). aRecurso electrónico. Santa Fe, Arg.: e-libro, 2019. Disponible vía World Wide Web. El acceso puede estar limitado para las bibliotecas afiliadas a e-libro. 4aIndioszAmérica del SurxDerechos civiles. 4aIndioszAmérica del SurxOpinión pública. 4aRacismozChile. 0aMapuche IndiansxCivil rights. 0aMapuche IndiansxPublic opinion. 0aRacismzChile. 4aLibros electrónicos.2 ae-libro, Corp. 0aColección Ensayo. a(OCoLC)110585296140uhttps://elibro.net/ereader/politecnicointernacional/68651 c48006d48006